Biografía, pensamientos y poesías / (Record no. 24852)

MARC details
000 -LEADER
campo de control de longitud fija 00848nam a2200229 i 4500
001 - NÚMERO DE CONTROL
campo de control 24852
003 - IDENTIFICADOR DE NÚMERO DE CONTROL
campo de control ES-MaACL
005 - FECHA Y HORA DE LA ÚLTIMA TRANSACCIÓN
campo de control 20250729063153.0
007 - CAMPO FIJO DE DESCRIPCIÓN FÍSICA--INFORMACIÓN GENERAL
campo de control de longitud fija t|
008 - DATOS DE LONGITUD FIJA--INFORMACIÓN GENERAL
campo de control de longitud fija 021219s1873 sp ||||1| spa d
080 ## - NÚMERO DE LA CLASIFICACIÓN DECIMAL UNIVERSAL
Número de la Clasificación Decimal Universal 821.134.2-82"18"
100 1# - ENTRADA PRINCIPAL--NOMBRE DE PERSONA
Nombre de persona Aparisi y Guijarro, Antonio,
Fechas asociadas al nombre 1815-1872
9 (RLIN) 22085
245 10 - MENCIÓN DEL TÍTULO
Título Biografía, pensamientos y poesías /
Mención de responsabilidad, etc. de Antonio Aparisi y Guijarro.
260 ## - PUBLICACIÓN, DISTRIBUCIÓN, ETC.
Lugar de publicación, distribución, etc. Madrid :
Nombre del editor, distribuidor, etc. [s.n.],
Fecha de publicación, distribución, etc. 1873 (
Fabricante Imp. R. Ramírez, A. Flores y Compañia)
300 ## - DESCRIPCIÓN FÍSICA
Extensión VIII, 344 p. ;
Dimensiones 22 cm.
490 1# - MENCIÓN DE SERIE
Mención de serie Obras de Antonio Aparisi y Guijarro ;
Designación de volumen o secuencia 1
530 ## - NOTA DISPONIBLE DE FORMULARIO FÍSICO ADICIONAL
Nota de formato físico adicional disponible Disponible en formato digital.
830 0# - PUNTO DE ACCESO ADICIONAL DE SERIE-TÍTULO UNIFORME
Título uniforme Obras de Antonio Aparisi y Guijarro ;
Designación de volumen o secuencia 1
9 (RLIN) 181988
852 ## - LOCALIZACIÓN
Ubicación ES-MaACL
Número de control de estantería G-7972
856 ## - LOCALIZACIÓN Y ACCESO ELECTRÓNICOS
Identificador Uniforme de Recursos <a href="http://bdh-rd.bne.es/viewer.vm?id=0000066859&page=1 ">http://bdh-rd.bne.es/viewer.vm?id=0000066859&page=1 </a>
Nota pública Biblioteca Digital Hispánica
Holdings
Estatus retirado Estado de pérdida Estado de daño No para préstamo Colección Biblioteca de origen Biblioteca actual Ubicación en estantería Fecha de adquisición Fuente de adquisición Total de préstamos Signatura topográfica completa Código de barras Visto por última vez Precio de reemplazo Tipo de ítem Koha
        Colección digital Biblioteca del Ateneo de Madrid Biblioteca del Ateneo de Madrid Sala Pecera Planta 3 17/01/2008     G-7972-6 1025623 23/02/2023 23/02/2023 Libro impreso antiguo